| 000 | 00350nam a2200121Ia 4500 | ||
|---|---|---|---|
| 008 | 210430s9999 xx 000 0 und d | ||
| 082 | _a620.118 A2442 A | ||
| 100 |
_aA A Mufti _952814 |
||
| 245 |
_aAdvanced Composite Materials _cA A Mufti |
||
| 260 |
_aCanada _bThe Canadian Society for Civil Engineering _c1991 |
||
| 300 | _a296p. | ||
| 942 |
_cBK _2ddc |
||
| 999 |
_c562727 _d562727 |
||